|
|
|
|
| LEADER |
01317nam a2200289 a 4500 |
| 001 |
31086 |
| 003 |
BD-DhAAL |
| 005 |
20160509170017.0 |
| 008 |
160428s2013 ii ||||| |||| 00| 0 eng d |
| 020 |
|
|
|a 9789350352403
|
| 040 |
|
|
|a BD-DhAAL
|b BD-DhAAL
|
| 082 |
|
|
|2 23
|a 347.0954
|
| 999 |
|
|
|c 37544
|d 37544
|
| 999 |
|
|
|c 0
|
| 999 |
|
|
|c 37425
|
| 100 |
|
|
|a Hargopal
|9 19350
|
| 245 |
|
|
|a Legal draftsman, vol 2 :
|b a comprehensive guide to deeds and documents /
|c Hargopal
|
| 250 |
|
|
|a Thirteenth edition
|
| 260 |
|
|
|a New Delhi :
|b Universal Law Publishing Co.,
|c 2013
|
| 300 |
|
|
|a lii, 1503-3169 pages :
|c 24 cm.
|
| 500 |
|
|
|a Includes index
|
| 526 |
|
|
|a SOL
|
| 650 |
|
|
|a Forms (Law)
|z India
|9 19487
|
| 942 |
|
|
|2 ddc
|c BK
|
| 952 |
|
|
|0 0
|1 0
|2 ddc
|4 0
|6 347_095400000000000_HAR
|7 0
|9 58952
|a BRACUL
|b BRACUL
|c GEN
|d 2016-05-09
|e Hye Trade International
|l 4
|m 30
|o 347.0954 HAR
|p 3010031086
|r 2019-04-18
|s 2019-04-11
|t 2
|w 2016-05-09
|y BK
|
| 952 |
|
|
|0 0
|1 0
|2 ddc
|4 0
|6 347_095400000000000_HAR
|7 0
|9 59048
|a BRACUL
|b BRACUL
|c GEN
|d 2016-05-25
|e Hye Trade International
|g 2825.00
|l 1
|m 2
|o 347.0954 HAR
|p 3010031120
|r 2022-09-11
|s 2022-08-23
|t 1
|w 2016-05-25
|y BK
|
| 952 |
|
|
|0 0
|1 0
|2 ddc
|4 0
|6 347_095400000000000_HAR
|7 0
|9 59049
|a BRACUL
|b BRACUL
|c GEN
|d 2016-05-25
|e Hye Trade International
|g 2825.00
|l 2
|m 5
|o 347.0954 HAR
|p 3010031121
|r 2020-02-09
|s 2020-02-09
|t 3
|w 2016-05-25
|y BK
|